| 000 | 00598nam a2200205 a 4500 | ||
|---|---|---|---|
| 001 | 1857 | ||
| 005 | 20140414132015.0 | ||
| 008 | 010430s19uu xx 00 eng d | ||
| 020 | _a0-590-42364-9 | ||
| 050 |
_aTR _bB74 1979 |
||
| 100 | _aGross, Ruth Belov | ||
| 245 |
_aThe Bremen town musicians / _cretold from Grimm by Ruth Belov Gross ; pictures by Jack Kent. |
||
| 260 |
_aNew York : _bScholastic, _c1979. |
||
| 300 | _a32p. ; cm. | ||
| 440 | _aAn easy to read folk tale | ||
| 650 | _aDonkey - Stories. | ||
| 650 | _aAnimals - Fiction. | ||
| 650 | _aChildren stories. | ||
| 999 |
_c113343 _d113343 |
||